| 000 | 00992nam a2200229Ia 4500 | ||
|---|---|---|---|
| 003 | Ost | ||
| 005 | 20260507074906.0 | ||
| 008 | 260507s9999||||xx |||||||||||||| ||und|| | ||
| 040 | _cfsecg | ||
| 041 | _aara | ||
| 082 | _a331.1 | ||
| 100 |
_aجرادات، أسامة _eمؤلف |
||
| 245 | 0 |
_aتبسيط إجراءات العمل : _bالأساليب والآليات / _c أسامة جرادات |
|
| 260 |
_aالقاهرة: _bمنشورات المنظمة العربية للتنمية الإدارية, _c2005 |
||
| 300 |
_a103 صفحة؛ _bإيضاحات ؛ _c24 سم |
||
| 490 |
_aسلسلة بحوث ودراسات _v409 |
||
| 504 | _aببليوغرافيا: ص.98 | ||
| 520 | _aمفهوم تبسيط إجراءات العمل وأهدافه، منهجية تبسيط الإجراءات، أساليب وآليات الإجراءات، تمارين وتجارب تبسيط الإجراءات | ||
| 653 | _aالعمل | ||
| 653 | _aالقوى العاملة | ||
| 942 | _cكتاب | ||
| 999 |
_c41697 _d41697 |
||